Statistiken für HSV-Kader 23/24

Klicken Sie hier um das Quiz zu spielen!

Allgemein

  • Dieses Quiz wurde 270 mal gespielt
  • Das Durchschnittsergebnis liegt bei 21 aus 29

Antwortstatistiken

HintAntwort% Korrekt
STRobert Glatzel
97%
TWDaniel Heuer Fernandes
95%
TrainerTim Walter
93%
RFBakery Jatta
91%
ZMLudovit Reis
90%
LFJean-Luc Dompé
89%
LVMiro Muheim
88%
IVSebastian Schonlau
87%
ZMLaszlo Benes
85%
TWMatheo Raab
85%
IVGuilherme Ramos
84%
RFRansford-Yeboah Königsdörffer
84%
ZDMJonas Meffert
83%
TWTom Mickel
83%
IVStephan Ambrosius
80%
RVMoritz Heyer
78%
ZMImmanuel Pherai
77%
STAndras Nemeth
75%
IVDennis Hadzikadunic
69%
RVIgnace van der Brempt
65%
ZOMLevin Öztunali
62%
ZDMLukasz Poreba
59%
RVWilliam Mikelbrencis
56%
ZDMElijah Krahn
55%
ZOMAnssi Suhonen
53%
STTom Sanne
53%
RVNicolas Oliveira
36%
IVValon Zumberi
31%
LFOmar Megeed
23%

Verteilung der Resultate

Perzentil nach korrekt beantworteten Fragen

Anzahl Personen mit jedem Resultat

Ihre Resultats-Entwicklung

Sie haben dieses Quiz noch nicht gespielt